000 00320nam a2200133Ia 4500
008 240624s9999 xx 000 0 und d
041 _aeng
082 _a658.8 KIR
100 _aKIRKPATRICK DAVID
245 _aFACEBOOK EFFECT
260 _c2010
_aNew Delhi
_bVirgin Books
300 _a374 : p. : cm ; 22
365 _cRS
999 _c16955
_d16955